000 00671nam a22002537a 4500
003 UA-OsUOA
001 21824
007 ta
008 20031214b un ||||| |||| 00| 0 ukr d
100 _aКаптерев А.И.
090 _a004.032.6/075
_bК20
942 _cBK
040 _aUA-OsUOA
_brus
_cUA-OsUOA
_dUA-OsUOA
245 _aМультимедиа как социокультурный феномен
_bУчебное пособие
300 _a224 с.
955 _a0
041 _arus
080 _a004.032.6/075
020 _a5-88283-053-2
260 _aМосква
_bПрофиздат
_c2002
044 _aRU
650 7 _2UDC
999 _c308033
_d308033